| 000 | 00760nam a2200241 i 4500 | ||
|---|---|---|---|
| 001 | 15290 | ||
| 003 | ES-MaACL | ||
| 005 | 20230906151033.0 | ||
| 007 | t| | ||
| 008 | 000211s1999 sp ||||1| spa d | ||
| 020 | _a84-8307-229-7 | ||
| 080 | _a821.111(73)-82"18" | ||
| 100 | 1 |
_aThoreau, Henry David. _9110134 |
|
| 245 | 1 | 0 |
_aBreviario para ciudadanos libres / _cHenry David Thoreau ; selección, traducción, presentación y apéndice de Mauricio Bach. |
| 250 | _a1ª ed. | ||
| 260 |
_aBarcelona : _bPenínsula, _c1999. |
||
| 300 |
_a116 p. ; _c17 cm. |
||
| 490 | 1 |
_aNuestros contemporáneos ; _v18 |
|
| 700 | 1 |
_aBach, Mauricio. _924458 |
|
| 830 | 1 |
_aNuestros contemporáneos ; _v18 _9179986 |
|
| 852 |
_aES-MaACL _jL-22563 |
||
| 999 |
_c15290 _d15290 |
||